Gaming Quiz

Random Gaming Quiz

MLG Halo 3 Pro Players Quiz Stats

Quiz not verified by Sporcle

Also try: Poker Hands
Challenge
Share
Tweet
Embed
Score 0/23 Timer 10:00
0 Plays Today
Description Pro Player % Correct
Board Member Of Gamers Out Reach Foundation, Considered Best Strategist In The GameWalshy
87.2%
Younger Brother Of The Best Doubles Team EverOgre 2
85.1%
Does The Pro Tips On XplayTsquared
84.7%
Older Brother Of The Best Doubles Team EverOgre 1
84.1%
Best Sniper In Halo 3Snipedown
82.4%
Name Sounds Like A Ketchup BrandHeinz
78%
Gamertag Named After Container Meant To Store FoodLunchbox
75.7%
Accepted Money To Join Final BossNeighbor
66.2%
Had an Ugly Mustache In Orlando 08'Roy
66.2%
MLG Commentator Famous For His RocketsChris Puckett
62.6%
Invented A Way To Look Down In Order Avoid Getting shot In the Head From BehindStrongside
62.2%
Plays On Claw, TD MemberiGoturpistola
60.8%
Description Pro Player % Correct
Known For Having A Great Strafing in Halo 3SK
60.1%
Best Sniper On Triggers DownHysteria
58.9%
Kicked Off of Str8 Rippin and Join InstinctElamite Warrior
58.5%
Puts Eyes Very Close To The TV Screen When PlayingFearItSelf
56%
Gamertag is An Old Russia Intelligence OrganizationKGB Soviet
53.5%
Inevnted A Hop That Makes A Player Harder To HitGandhi
53.4%
Founder Of The Team CarbonShocKWav3
53%
Former Carbon Member, Than an Instinct Member, Than A Classic MemberGH057ayame
52.9%
Won The Halo 3 FFA In Dallas Of 08Karma
51.9%
Considered The Most Unpredictable Player In Halo 3Naded
47%
Has A Very Short TemperMackeo
25.5%

You're not logged in!

Compare scores with friends on all Sporcle quizzes.
Join for Free
OR
Log In

You Might Also Like...

Show Comments

Extras

Top Quizzes Today


Score Distribution

Your Account Isn't Verified!

In order to create a playlist on Sporcle, you need to verify the email address you used during registration. Go to your Sporcle Settings to finish the process.

Report this User

Report this user for behavior that violates our Community Guidelines.

Details: